[Event "GER-chT Federal Cup (Women)"]
[Site "Germany"]
[Date "2011.06.19"]
[Round "5.8"]
[White "Weber, Daniela"]
[Black "Van Kempen, Susanne"]
[Result "1/2-1/2"]
[WhiteElo "1368"]
[BlackElo "1566"]
[PlyCount "27"]
[EventDate "2011.06.16"]
[EventType "team-swiss"]
[EventRounds "5"]
[EventCountry "GER"]
[SourceTitle "EXT 2012"]
[Source "ChessBase"]
[SourceDate "2011.11.24"]
[SourceVersion "1"]
[SourceVersionDate "2011.11.24"]
[SourceQuality "1"]
[WhiteTeam "Nordrhein Westfalen II"]
[BlackTeam "Nordrhein Westfalen"]
[WhiteTeamCountry "GER"]
[BlackTeamCountry "GER"]

1. e4 e5 2. Nc3 Nf6 3. Nf3 Nc6 4. Bc4 Be7 5. 0-0 0-0 6. d3 d6 7. h3 Na5 8. Bb3 Nxb3 9. axb3 c6 10. Be3 Be6 11. Rxa7 Rxa7 12. Bxa7 b6 13. Qa1 Qc7 14. Qa6 1/2-1/2

[Event "Cologne Chess Days op"]
[Site "Cologne"]
[Date "2010.08.20"]
[Round "1"]
[White "Evers, Leo"]
[Black "Van Kempen, Susanne"]
[Result "1-0"]
[WhiteElo "2100"]
[BlackElo "1567"]
[PlyCount "47"]
[EventDate "2010.08.20"]
[EventType "swiss"]
[EventRounds "5"]
[EventCountry "GER"]
[SourceTitle "EXT 2011"]
[Source "ChessBase"]
[SourceDate "2010.11.26"]
[SourceVersion "1"]
[SourceVersionDate "2010.11.26"]
[SourceQuality "1"]

1. d4 Nf6 2. c4 e6 3. g3 Be7 4. Bg2 0-0 5. Nf3 c6 6. 0-0 d5 7. Nbd2 Nbd7 8. Qc2 b6 9. b3 Ba6 10. e4 dxe4 11. Nxe4 Rc8 12. Rd1 Nxe4 13. Qxe4 c5 14. dxc5 Nxc5 15. Qc2 Qe8 16. Ne5 Bf6 17. Bb2 Bxe5 18. Bxe5 f6 19. Bd6 Rf7 20. Bxc5 Rxc5 21. Rd6 Bb7 22. Rad1 Qe7 23. Rd8+ Rf8 24. R8d7 1-0

[Event "Leverkusen-ch op"]
[Site "Leverkusen"]
[Date "2010.02.22"]
[Round "3"]
[White "Sockel, Karl Heinz"]
[Black "Van Kempen, Susanne"]
[Result "1-0"]
[WhiteElo "1922"]
[BlackElo "1564"]
[PlyCount "33"]
[EventDate "2010.01.18"]
[EventType "swiss"]
[EventRounds "7"]
[EventCountry "GER"]
[SourceTitle "EXT 2011"]
[Source "ChessBase"]
[SourceDate "2010.11.26"]
[SourceVersion "1"]
[SourceVersionDate "2010.11.26"]
[SourceQuality "1"]

1. d4 Nf6 2. Nf3 e6 3. e3 c5 4. Bd3 cxd4 5. exd4 d5 6. 0-0 Be7 7. b3 0-0 8. Bb2 Nc6 9. a3 a6 10. Nbd2 b5 11. Ne5 Qc7 12. Rc1 Bd6 13. Qe2 Nd7 14. f4 f6 15. Nxc6 Qxc6 16. Qxe6+ Kh8 17. Qh3 1-0